Návrh a implementácia portálu zameraného na predaj počítačov = Proposal for and Implementation of a Website Focusing on the Sale of Computers : Bakalárska práca
Na minha lista:
| Autor principal: | |
|---|---|
| Outros Autores: | |
| Formato: | Manuscrito Livro |
| Idioma: | eslovaco |
| Publicado em: |
Trnava :
STU v Bratislave MTF UIAM,
2007
|
| Tags: |
Sem tags, seja o primeiro a adicionar uma tag!
|
MARC
| LEADER | 00000ntm a22000003a 4500 | ||
|---|---|---|---|
| 001 | stu151935 | ||
| 005 | 20160719155726.0 | ||
| 008 | 071127s2007----xo------------------slo-d | ||
| 040 | |a STU |b slo | ||
| 041 | 0 | |a slo | |
| 044 | |a xo | ||
| 100 | 1 | |a Ambruš, Martin |4 aut | |
| 245 | 1 | |a Návrh a implementácia portálu zameraného na predaj počítačov = Proposal for and Implementation of a Website Focusing on the Sale of Computers : |b Bakalárska práca | |
| 260 | |a Trnava : |b STU v Bratislave MTF UIAM, |c 2007 | ||
| 300 | |a 53 s |c príl (1 CD-ROM) | ||
| 500 | |a Program: Aplikovaná informatika a automatizácia v priemysle | ||
| 700 | 1 | |a Pavlenda, Pavel, |d 1981- |4 xxx |u M4000 |U MTF Materiálovotechnologická fakulta |T MTF Ústav priemyselného inžinierstva a manažmentu |X 4116 |U M4000 |Y 84 |7 A000004116 | |
| 996 | |b 284M066913 |c M*BP-3021 |l MMSKP |s P |a 0 |w stu151935_0001 | ||